000 01284cam a22003617a 4500
003 CHAP
005 20220329141332.0
008 971013s1981 r 00010 d
010 _a66593
011 _a67565
035 _a77035
040 _cCHAP
082 _a526.9
_bV3
100 0 0 _aValdés Domenech, Francisco.
_9117343
245 0 _aTopografía
260 _aBarcelona :
_bEd. CEAC,
_c1981
300 _a352 p.
490 0 _aBiblioteca CEAC del topográfico
500 _a28-208
590 _aBATCH-UPD
_b10
_c20130110
_lUCH01
_h0759
590 _aBATCH-UPD
_b10
_c20130410
_lUCH01
_h0438
590 _aBATCH-UPD
_b10
_c20130914
_lUCH01
_h0617
590 _aCONVERSION
_b10
_c20130109
_lUCH01
_h1337
650 1 4 _aTopografía.
_9113907
830 0 _aBiblioteca CEAC del topográfico
_912256
901 _aBK
942 _cLIBRO
949 _a526.9 V3
_bBC
_cLIBRO
_d33724000403697
_eLIBRO
_gI.143077
_h74257
_i77035
_si
_t66.14
949 _a526.9 V3
_bBC
_cLIBRO
_d33724000828380
_eLIBRO
_fc.3
_h76395
_i77035
_si
_t66.14
949 _a526.9 V3
_bBC
_cLIBRO
_d33724000900940
_eLIBRO
_fc.5
_h98765
_i77035
_kDonaciØn
_si
949 _a526.9 V3
_bBC
_cLIBRO
_d33724000906335
_eLIBRO
_fc.4
_h76532
_i77035
_si
_t66.14
949 _a526.9 V3
_bBC
_cLIBRO
_d33724000935763
_eLIBRO
_fc.2
_h76394
_i77035
_si
_t66.14
999 _c66593
_d66593